| 000 -LEADER |
| fixed length control field |
00949nam a22002057a 4500 |
| 020 ## - INTERNATIONAL STANDARD BOOK NUMBER |
| ISBN |
9781337098137 |
| 082 ## - DEWEY DECIMAL CLASSIFICATION NUMBER |
| Classification number |
150.287 |
| Item number |
R365749 2026 |
| 100 ## - MAIN ENTRY--AUTHOR NAME |
| Personal name |
Kaplan, Robert M., author. |
| 245 ## - TITLE STATEMENT |
| Title |
Psychological testing : principles, applicatuions, and issues / Robert M. Kaplan, Dennis P. Saccuzzo. |
| 250 ## - EDITION STATEMENT |
| Edition statement |
Ninth Edition. |
| 260 ## - PUBLICATION, DISTRIBUTION, ETC. (IMPRINT) |
| Place of publication |
Boston, MA : |
| Name of publisher |
Cengage Learning, |
| Year of publication |
2018. |
| 300 ## - PHYSICAL DESCRIPTION |
| Number of Pages |
1 online resource, 738 pages : |
| Other physical details |
illustrations (chiefly color). |
| 490 ## - SERIES STATEMENT |
| Series statement |
MindTap Course List. |
| 500 ## - GENERAL NOTE |
| General note |
Includes bibliographical references and index. |
| 505 ## - FORMATTED CONTENTS NOTE |
| Formatted contents note |
Part 1: Principles - - Part II: Applications - - Part III: Issues. |
| 520 ## - SUMMARY, ETC. |
| Summary, etc |
This book provides a comprehensive introduction to the theory, methods, and applications of psychological testing, focusing on both the psychometric principles and the social issues surrounding testing. |
| 650 ## - SUBJECT ADDED ENTRY--TOPICAL TERM |
| Topical Term |
Psychology tests. |
| 700 ## - ADDED ENTRY--PERSONAL NAME |
| Personal name |
Saccuzzo, Dennis P., author. |
| 942 ## - ADDED ENTRY ELEMENTS (KOHA) |
| Koha item type |
Books |